Mond und morgenstern (Record no. 59923)

MARC details
000 -LÍDER
campo de controle de tamanho fixo 00352 a2200157 4500
001 - NÚMERO DE CONTROLE
campo de controle 59923
020 ## - ISBN - INTERNATIONAL STANDARD BOOK NUMBER
ISBN - International Standard Book Number 3872947842
040 ## - FONTE DA CATALOGAÇÃO
Instituição que transcreveu o registro Anchieta - Pituba
100 ## - ENTRADA PRINCIPAL--NOME PESSOAL
Nome pessoal Frommlet, Wolfram
240 10 - TÍTULO UNIFORME
Título uniforme Mond und morgenstern
Idioma da obra por
245 10 - TÍTULO
Título Mond und morgenstern
300 ## - DESCRIÇÃO FÍSICA
Extensão 45
362 0# - DATAS DE PUBLICAÇÃO E/OU DESIGNAÇÃO SEQUENCIAL
Datas de publicação e/ou designação sequencial 1999
650 #4 - ASSUNTO--TERMO TÓPICO
Cabeçalho tópico ou nome geográfico Literatura juvenil em alemão
942 ## - ELEMENTOS DE ENTRADA ADICIONADOS (KOHA)
Tipo de material Koha Livros
Holdings
Situação do descarte Situação das perdas Situação física Não pode ser emprestado Biblioteca de origem Biblioteca atual Data de aquisição Total de empréstimos Código de barras Data de último acesso Data do preço efetivo Tipo de material Koha
        Colégio Anchieta - Pituba Colégio Anchieta - Pituba 21/11/2023   11413/PIT 21/11/2023 21/11/2023 Livros